[Event "Titled Tuesday intern op 07th Dec"]
[Site "Chess.com INT"]
[Date "2021.12.07"]
[Round "1"]
[White "Salazar Olchowski, Gabriel Anton"]
[Black "Halkias, Stelios"]
[Result "0-1"]
[WhiteElo "2159"]
[BlackElo "2527"]
[PlyCount "44"]
[EventDate "2021.12.07"]
[EventType "swiss (blitz)"]
[EventRounds "11"]
[EventCountry "USA"]
[SourceTitle "CBM 205 Extra"]
[Source "ChessBase"]
[SourceDate "2022.01.31"]
[SourceVersion "1"]
[SourceVersionDate "2022.01.31"]
[SourceQuality "1"]

1. e4 c5 2. Nf3 d6 3. d4 cxd4 4. Nxd4 Nf6 5. Nc3 a6 6. Be3 e5 7. Nb3 Be7 8. h3 Be6 9. Qf3 Nc6 10. g4 Rc8 11. 0-0-0 0-0 12. Kb1 Nb4 13. g5 Nd7 14. h4 Nb6 15. a3 Nxc2 16. Kxc2 Na4 17. Nd2 Nxc3 18. bxc3 Qa5 19. Nb1 Qa4+ 20. Kc1 d5 21. exd5 Bg4 22. Qg3 Qxd1+ 0-1

[Event "Titled Tuesday intern op 13th July"]
[Site "Chess.com INT"]
[Date "2021.07.13"]
[Round "1"]
[White "Strybuk, Artsiom I"]
[Black "Salazar Olchowski, Gabriel Anton"]
[Result "1-0"]
[WhiteElo "2241"]
[BlackElo "2159"]
[PlyCount "67"]
[EventDate "2021.07.13"]
[EventType "swiss (blitz)"]
[EventRounds "11"]
[EventCountry "USA"]
[SourceTitle "CBM 203 Extra"]
[Source "ChessBase"]
[SourceDate "2021.09.30"]
[SourceVersion "1"]
[SourceVersionDate "2021.09.30"]
[SourceQuality "1"]

1. d4 Nf6 2. c4 c5 3. Nf3 g6 4. d5 b5 5. cxb5 a6 6. bxa6 Bg7 7. Nc3 0-0 8. g3 Qa5 9. Bd2 d6 10. Bg2 Nbd7 11. 0-0 Nb6 12. b3 Qxa6 13. e4 Bb7 14. Qc2 Qa3 15. Nb5 Qa6 16. Nc7 Qa7 17. Nxa8 Rxa8 18. Bc3 Ba6 19. Rfe1 Qb7 20. Rad1 Nbd7 21. e5 Nxd5 22. Ng5 N7b6 23. Ba1 h6 24. Ne4 dxe5 25. Nxc5 Qc6 26. Bxe5 Rc8 27. Bxg7 Kxg7 28. Qb2+ Kg8 29. Nxa6 Nc3 30. Rc1 Ne2+ 31. Qxe2 Qxc1 32. Rxc1 Rxc1+ 33. Bf1 Nd5 34. Qd2 1-0

[Event "Titled Tuesday intern op 08th Sept"]
[Site "Chess.com INT"]
[Date "2020.09.08"]
[Round "6"]
[White "Salazar Olchowski, Gabriel Anton"]
[Black "Vachylya, Andriy"]
[Result "1-0"]
[WhiteElo "2159"]
[BlackElo "2199"]
[PlyCount "49"]
[EventDate "2020.09.08"]
[EventType "swiss (blitz)"]
[EventRounds "10"]
[EventCountry "USA"]
[SourceTitle "CBM 198 Extra"]
[Source "ChessBase"]
[SourceDate "2020.11.30"]
[SourceVersion "1"]
[SourceVersionDate "2020.11.30"]
[SourceQuality "1"]

1. e4 c5 2. Nf3 d6 3. d4 cxd4 4. Nxd4 Nf6 5. Nc3 a6 6. Be3 e5 7. Nb3 Be6 8. h3 Be7 9. Qf3 Nc6 10. g4 b5 11. 0-0-0 b4 12. Nd5 Bxd5 13. exd5 Na5 14. g5 Nd7 15. h4 Nxb3+ 16. cxb3 0-0 17. Bd3 f5 18. Bxf5 Kh8 19. Qe4 g6 20. Be6 Nc5 21. Bxc5 Rf4 22. Qxf4 exf4 23. Bd4+ Bf6 24. Bxf6+ Qxf6 25. gxf6 1-0

[Event "Titled Tuesday intern op 08th Sept"]
[Site "Chess.com INT"]
[Date "2020.09.08"]
[Round "3"]
[White "Zaichenko, Daria"]
[Black "Salazar Olchowski, Gabriel Anton"]
[Result "0-1"]
[WhiteElo "2104"]
[BlackElo "2159"]
[PlyCount "116"]
[EventDate "2020.09.08"]
[EventType "swiss (blitz)"]
[EventRounds "10"]
[EventCountry "USA"]
[SourceTitle "CBM 198 Extra"]
[Source "ChessBase"]
[SourceDate "2020.11.30"]
[SourceVersion "1"]
[SourceVersionDate "2020.11.30"]
[SourceQuality "1"]

1. e4 c5 2. Nf3 d6 3. d4 cxd4 4. Nxd4 Nf6 5. Nc3 e6 6. Be3 a6 7. Be2 Nbd7 8. 0-0 b5 9. a3 Bb7 10. f3 Be7 11. Kh1 0-0 12. Qd2 Rc8 13. Rad1 d5 14. exd5 Nxd5 15. Nxd5 Bxd5 16. f4 Nf6 17. Bf3 Qc7 18. Bxd5 Nxd5 19. f5 Nxe3 20. Qxe3 e5 21. f6 exd4 22. Qxe7 Qxe7 23. fxe7 Rfe8 24. Rxd4 Rxe7 25. Rfd1 f6 26. Rd8+ Rxd8 27. Rxd8+ Kf7 28. Kg1 Re2 29. Rc8 Ke6 30. Rc6+ Kd5 31. Rxa6 Rxc2 32. b4 g6 33. Rxf6 Ra2 34. Rf3 g5 35. h3 Ke4 36. Rc3 h5 37. Rc5 Rxa3 38. Rxg5 h4 39. Rxb5 Rb3 40. Rb8 Kf4 41. Rh8 Kg3 42. Rg8+ Kf4 43. Rg4+ Kf5 44. Rxh4 Rb2 45. Rc4 Rd2 46. g4+ Kg5 47. b5 Kh4 48. Rc3 Rb2 49. Kf1 Rxb5 50. Kf2 Rb2+ 51. Ke1 Rg2 52. Kf1 Ra2 53. Rf3 Rb2 54. Rf2 Rb3 55. Rh2 Kg3 56. Rh1 Rb1+ 57. Ke2 Rxh1 58. g5 Rxh3 0-1

[Event "Titled Tuesday intern op 01st Sept"]
[Site "Chess.com INT"]
[Date "2020.09.01"]
[Round "3"]
[White "Boyer, Mahel"]
[Black "Salazar Olchowski, Gabriel Anton"]
[Result "0-1"]
[WhiteElo "2294"]
[BlackElo "2159"]
[PlyCount "132"]
[EventDate "2020.09.01"]
[EventType "swiss (blitz)"]
[EventRounds "10"]
[EventCountry "USA"]
[SourceTitle "CBM 198 Extra"]
[Source "ChessBase"]
[SourceDate "2020.11.30"]
[SourceVersion "1"]
[SourceVersionDate "2020.11.30"]
[SourceQuality "1"]

1. e4 c5 2. d3 d6 3. g3 g6 4. Bg2 Bg7 5. f4 Nc6 6. Nf3 Rb8 7. 0-0 b5 8. c3 a5 9. d4 cxd4 10. cxd4 Bg4 11. Be3 Qb6 12. e5 dxe5 13. fxe5 Nxe5 14. Nc3 Nxf3+ 15. Bxf3 Bxf3 16. Qxf3 Nf6 17. Nd5 Qd8 18. Bf4 Rc8 19. Nc7+ Rxc7 20. Bxc7 Qxc7 21. Rac1 Qd8 22. Qc6+ Nd7 23. Qxb5 0-0 24. d5 Qb6+ 25. Qxb6 Nxb6 26. Rfd1 Rd8 27. Rc6 Nxd5 28. Rc5 e6 29. b3 Ra8 30. Kh1 h5 31. Rdc1 Be5 32. Rc8+ Rxc8 33. Rxc8+ Kg7 34. Rc5 Bc3 35. Kg2 Bb4 36. Rb5 Nc3 37. Rb7 Nxa2 38. Kf3 Nc1 39. g4 hxg4+ 40. Kxg4 Nxb3 41. h4 Nc5 42. Ra7 Nd3 43. h5 gxh5+ 44. Kxh5 Kf6 45. Kg4 Ke5 46. Rxf7 a4 47. Ra7 a3 48. Kf3 Kd4 49. Ke2 Kc3 50. Rc7+ Nc5 51. Ra7 Kb3 52. Ke3 a2 53. Rxa2 Kxa2 54. Kd4 Kb3 55. Ke5 Kc4 56. Kf4 Kd3 57. Kf3 e5 58. Kf2 e4 59. Kg2 e3 60. Kh3 e2 61. Kg2 e1Q 62. Kh3 Qe4 63. Kg3 Ke3 64. Kh2 Qg6 65. Kh3 Kf3 66. Kh2 Qg2# 0-1

[Event "Titled Tuesday intern op 01st Sept"]
[Site "Chess.com INT"]
[Date "2020.09.01"]
[Round "1"]
[White "Salazar Olchowski, Gabriel Anton"]
[Black "Rozman, Levy"]
[Result "0-1"]
[WhiteElo "2159"]
[BlackElo "2343"]
[PlyCount "90"]
[EventDate "2020.09.01"]
[EventType "swiss (blitz)"]
[EventRounds "10"]
[EventCountry "USA"]
[SourceTitle "CBM 198 Extra"]
[Source "ChessBase"]
[SourceDate "2020.11.30"]
[SourceVersion "1"]
[SourceVersionDate "2020.11.30"]
[SourceQuality "1"]

1. e4 c6 2. Nc3 d5 3. Nf3 a6 4. d4 Bg4 5. h3 Bxf3 6. Qxf3 e6 7. Bd3 Nf6 8. exd5 cxd5 9. 0-0 Nc6 10. Be3 Rc8 11. a3 Be7 12. Ne2 0-0 13. c3 e5 14. Bf5 Rb8 15. Ng3 e4 16. Qe2 g6 17. Bg4 Nxg4 18. hxg4 f5 19. gxf5 gxf5 20. Bf4 Bd6 21. Qe3 Qc7 22. Ne2 Kh8 23. g3 Ne7 24. Bxd6 Qxd6 25. Qf4 Rbd8 26. Qxd6 Rxd6 27. Nf4 Ng6 28. Nxg6+ hxg6 29. Kg2 Rb6 30. Rab1 Kg7 31. Rh1 Rc8 32. Rhc1 Rb3 33. Kf1 Rc6 34. Ke2 Rcb6 35. Rc2 Rxa3 36. Ke3 Rab3 37. Kd2 a5 38. c4 Rd3+ 39. Ke2 Rxd4 40. c5 Rc6 41. Ra1 a4 42. Ke3 Rb4 43. Ra3 d4+ 44. Kd2 Kf6 45. Rc1 Rxb2+ 0-1

[Event "Titled Tuesday intern op 01st Sept"]
[Site "Chess.com INT"]
[Date "2020.09.01"]
[Round "5"]
[White "Salazar Olchowski, Gabriel Anton"]
[Black "Villalba, Marcelo"]
[Result "1-0"]
[WhiteElo "2159"]
[BlackElo "2258"]
[PlyCount "103"]
[EventDate "2020.09.01"]
[EventType "swiss (blitz)"]
[EventRounds "10"]
[EventCountry "USA"]
[SourceTitle "CBM 198 Extra"]
[Source "ChessBase"]
[SourceDate "2020.11.30"]
[SourceVersion "1"]
[SourceVersionDate "2020.11.30"]
[SourceQuality "1"]

1. e4 e5 2. Bc4 Nf6 3. d3 Nc6 4. Nc3 Bc5 5. f4 d6 6. Nf3 Bg4 7. Na4 Bxf3 8. Qxf3 Nd4 9. Qd1 b5 10. Nxc5 bxc4 11. Na4 cxd3 12. Qxd3 0-0 13. 0-0 Nd7 14. f5 Qh4 15. Be3 Nc6 16. Nc3 Rab8 17. b3 Ne7 18. Bf2 Qh5 19. Bxa7 Rb7 20. Be3 Nf6 21. a4 Rd8 22. a5 d5 23. a6 Rbb8 24. a7 Ra8 25. exd5 Nfxd5 26. Nxd5 Nxd5 27. c4 Nb6 28. Qxd8+ Rxd8 29. Bxb6 Ra8 30. Rfd1 h6 31. Bxc7 Kh7 32. Rd8 Rxa7 33. Rxa7 Qxf5 34. Rd1 Qc2 35. Rf1 f5 36. Bxe5 h5 37. Rxg7+ Kh6 38. Rg3 Qe2 39. Rxf5 Qe1+ 40. Rf1 Qxe5 41. Rgf3 Qd4+ 42. Kh1 Qb2 43. R3f2 Qxb3 44. c5 Qc3 45. c6 Kg5 46. Rf5+ Kg6 47. Rf6+ Kg5 48. h3 Qc4 49. R1f5+ Kh4 50. Rf4+ Kg3 51. Rxc4 h4 52. Rg6+ 1-0

[Event "Titled Tuesday intern op 25th Aug"]
[Site "Chess.com INT"]
[Date "2020.08.25"]
[Round "4"]
[White "Vitenberg, Noam Aviv"]
[Black "Salazar Olchowski, Gabriel Anton"]
[Result "1-0"]
[WhiteElo "2298"]
[BlackElo "2159"]
[PlyCount "89"]
[EventDate "2020.08.25"]
[EventType "swiss (blitz)"]
[EventRounds "10"]
[EventCountry "USA"]
[SourceTitle "CBM 198 Extra"]
[Source "ChessBase"]
[SourceDate "2020.11.30"]
[SourceVersion "1"]
[SourceVersionDate "2020.11.30"]
[SourceQuality "1"]

1. d4 Nf6 2. c4 c5 3. d5 b5 4. cxb5 a6 5. e3 g6 6. Nc3 Bg7 7. Nf3 0-0 8. e4 Qa5 9. Bd2 d6 10. a4 axb5 11. Bxb5 Na6 12. 0-0 Nc7 13. Bc6 Rb8 14. Nb5 Qb6 15. a5 Qxc6 16. dxc6 Rxb5 17. Bc3 Be6 18. e5 Nfd5 19. exd6 exd6 20. Bxg7 Kxg7 21. Qe2 Rfb8 22. Ng5 Rxb2 23. Nxe6+ fxe6 24. Qg4 R8b4 25. Qg3 Nf4 26. Kh1 h6 27. Rfd1 R2b3 28. Qg4 Nh3 29. Qe2 Rb2 30. Rd2 Rb1+ 31. Rd1 R1b2 32. Qxb2+ Rxb2 33. gxh3 d5 34. Rdb1 Rxf2 35. Rb6 Kf6 36. a6 d4 37. a7 d3 38. Rb7 d2 39. Rxc7 Re2 40. Rd7 Re1+ 41. Kg2 Rxa1 42. c7 Rxa7 43. c8Q Rxd7 44. Qxd7 c4 45. Qxd2 1-0

[Event "Online Olym Div3 D"]
[Site "Chess.com INT"]
[Date "2020.08.08"]
[Round "4.4"]
[White "Bjerre, Jonas Buhl"]
[Black "Salazar Olchowski, Gabriel Anton"]
[Result "1-0"]
[WhiteElo "2549"]
[BlackElo "2159"]
[PlyCount "111"]
[EventDate "2020.08.07"]
[EventType "team-tourn (rapid)"]
[EventRounds "9"]
[EventCountry "USA"]
[SourceTitle "CBM 198"]
[Source "ChessBase"]
[SourceDate "2020.10.31"]
[SourceVersion "1"]
[SourceVersionDate "2020.10.31"]
[SourceQuality "1"]
[WhiteTeam "Denmark"]
[BlackTeam "Venezuela"]
[WhiteTeamCountry "DEN"]
[BlackTeamCountry "VEN"]

1. d4 Nf6 2. c4 c5 3. d5 b5 4. cxb5 a6 5. bxa6 g6 6. Nc3 Bg7 7. e4 0-0 8. Nf3 Qa5 9. Bd2 Bxa6 10. Be2 Bxe2 11. Qxe2 Qa6 12. a4 Qxe2+ 13. Kxe2 Na6 14. Rab1 Rfb8 15. Ne1 c4 16. Be3 Ng4 17. Nc2 Nxe3 18. Nxe3 Nc5 19. Nxc4 Rb4 20. Nd2 Rab8 21. Rhc1 Rxb2 22. Rxb2 Rxb2 23. Nd1 Rxd2+ 24. Kxd2 Nb3+ 25. Kc2 Nxc1 26. Kxc1 Bd4 27. Kc2 Kf8 28. Kd3 Bc5 29. Kc4 d6 30. Kb5 Ke8 31. Kc6 Kd8 32. Kb7 e6 33. a5 exd5 34. exd5 Ke7 35. a6 Kf6 36. a7 Bxa7 37. Kxa7 Ke5 38. Ne3 f5 39. g3 g5 40. Kb6 f4 41. Kc6 fxe3 42. fxe3 h5 43. h4 g4 44. e4 Kxe4 45. Kxd6 Kf3 46. Ke5 Kxg3 47. d6 Kxh4 48. d7 g3 49. Kf4 g2 50. d8Q+ Kh3 51. Qd3+ Kh2 52. Qg3+ Kh1 53. Qh3+ Kg1 54. Kf3 Kf1 55. Qxg2+ Ke1 56. Qe2# 1-0

[Event "Online Olym Div3 D"]
[Site "Chess.com INT"]
[Date "2020.08.08"]
[Round "6.5"]
[White "Castellanos Villela, Alejandro"]
[Black "Salazar Olchowski, Gabriel Anton"]
[Result "1-0"]
[WhiteElo "2202"]
[BlackElo "2159"]
[PlyCount "41"]
[EventDate "2020.08.07"]
[EventType "team-tourn (rapid)"]
[EventRounds "9"]
[EventCountry "USA"]
[SourceTitle "CBM 198"]
[Source "ChessBase"]
[SourceDate "2020.10.31"]
[SourceVersion "1"]
[SourceVersionDate "2020.10.31"]
[SourceQuality "1"]
[WhiteTeam "Chile"]
[BlackTeam "Venezuela"]
[WhiteTeamCountry "CHI"]
[BlackTeamCountry "VEN"]

1. e4 c5 2. Nf3 d6 3. d4 cxd4 4. Qxd4 Nf6 5. Be2 Nc6 6. Qe3 g6 7. 0-0 Bg7 8. h3 0-0 9. Rd1 Qc7 10. c4 a5 11. Nc3 a4 12. Bd2 Be6 13. Rac1 Nd7 14. Nd5 Qb8 15. Bc3 Bxc3 16. Rxc3 Qa7 17. Qh6 Rfc8 18. Ng5 Nf8 19. Bg4 b6 20. Bxe6 fxe6 21. Rf3 1-0

[Event "Titled Tuesday intern op 4th Aug 10am"]
[Site "Chess.com INT"]
[Date "2020.08.04"]
[Round "5"]
[White "De Souza Sa, Apolo"]
[Black "Salazar Olchowski, Gabriel Anton"]
[Result "1-0"]
[WhiteElo "1920"]
[BlackElo "2159"]
[PlyCount "43"]
[EventDate "2020.08.04"]
[EventType "swiss (blitz)"]
[EventRounds "10"]
[EventCountry "USA"]
[SourceTitle "CBM 197 Extra"]
[Source "ChessBase"]
[SourceDate "2020.09.30"]
[SourceVersion "1"]
[SourceVersionDate "2020.09.30"]
[SourceQuality "1"]

1. d4 Nf6 2. c4 c5 3. d5 b5 4. cxb5 a6 5. bxa6 g6 6. Nc3 Bg7 7. e4 0-0 8. Nf3 Qa5 9. Be2 Nxe4 10. 0-0 Bxc3 11. bxc3 Nxc3 12. Qd2 Nxe2+ 13. Qxe2 Bxa6 14. Qxe7 Bxf1 15. Qf6 Qa6 16. d6 Qxd6 17. Qxd6 Ra6 18. Qxc5 Rc6 19. Qe5 f6 20. Qd5+ Kg7 21. Kxf1 Na6 22. Qxd7+ 1-0

[Event "Titled Tuesday intern op 14th July"]
[Site "Chess.com INT"]
[Date "2020.07.14"]
[Round "7"]
[White "Kairbekova, Amina"]
[Black "Salazar Olchowski, Gabriel Anton"]
[Result "0-1"]
[WhiteElo "2065"]
[BlackElo "2159"]
[PlyCount "52"]
[EventDate "2020.07.14"]
[EventType "swiss (blitz)"]
[EventRounds "10"]
[EventCountry "USA"]
[SourceTitle "CBM 197 Extra"]
[Source "ChessBase"]
[SourceDate "2020.09.30"]
[SourceVersion "1"]
[SourceVersionDate "2020.09.30"]
[SourceQuality "1"]

1. e4 c5 2. Nf3 d6 3. d4 cxd4 4. Nxd4 Nf6 5. Nc3 e6 6. g4 e5 7. Nf5 h5 8. g5 Nxe4 9. Nxg7+ Bxg7 10. Nxe4 d5 11. Nf6+ Bxf6 12. gxf6 Be6 13. Bg5 Qb6 14. b3 Qb4+ 15. Qd2 Qe4+ 16. Qe2 Qxh1 17. f3 Qg1 18. Qb5+ Bd7 19. Qxb7 Qxg5 20. Qxa8 Qe3+ 21. Be2 0-0 22. Qxd5 Qc3+ 23. Qd2 Qxa1+ 24. Bd1 Kh7 25. Qd3+ Kh6 26. h4 Qd4 0-1

[Event "Titled Tuesday intern op 14th July"]
[Site "Chess.com INT"]
[Date "2020.07.14"]
[Round "1"]
[White "Vypkhaniuk, Igor"]
[Black "Salazar Olchowski, Gabriel Anton"]
[Result "0-1"]
[WhiteElo "2412"]
[BlackElo "2159"]
[PlyCount "74"]
[EventDate "2020.07.14"]
[EventType "swiss (blitz)"]
[EventRounds "10"]
[EventCountry "USA"]
[SourceTitle "CBM 197 Extra"]
[Source "ChessBase"]
[SourceDate "2020.09.30"]
[SourceVersion "1"]
[SourceVersionDate "2020.09.30"]
[SourceQuality "1"]

1. d4 Nf6 2. Nf3 c5 3. c3 g6 4. g3 Bg7 5. Bg2 0-0 6. dxc5 Qc7 7. b4 a5 8. Bf4 Qc6 9. 0-0 axb4 10. cxb4 Qb5 11. a3 Nc6 12. Nc3 Qc4 13. Qd2 Ne4 14. Nxe4 Bxa1 15. Rxa1 Qxe4 16. Bc7 Qc4 17. Rc1 Qb3 18. Qh6 Qb2 19. b5 Nd4 20. Nxd4 Qxd4 21. Bf4 Rxa3 22. Be3 Qg7 23. Qg5 Ra1 24. Qxe7 Rxc1+ 25. Bxc1 f6 26. Bd5+ Kh8 27. h4 Qxe7 28. Bb2 Qxc5 29. Bxf6+ Rxf6 30. Kg2 Qc1 31. Bf3 Qc5 32. h5 Qd6 33. g4 Qe7 34. g5 Rf5 35. hxg6 hxg6 36. Kh2 Qxg5 37. Bg4 Qh6+ 0-1

[Event "Titled Tuesday intern op 16th June"]
[Site "Chess.com INT"]
[Date "2020.06.16"]
[Round "1"]
[White "Dimakiling, Oliver"]
[Black "Salazar Olchowski, Gabriel Anton"]
[Result "1-0"]
[WhiteElo "2409"]
[BlackElo "2159"]
[PlyCount "63"]
[EventDate "2020.06.16"]
[EventType "swiss (blitz)"]
[EventRounds "10"]
[EventCountry "USA"]
[SourceTitle "EXT 2021"]
[Source "ChessBase"]
[SourceDate "2020.10.23"]
[SourceVersion "1"]
[SourceVersionDate "2020.10.23"]
[SourceQuality "1"]

1. c4 e5 2. Nc3 Nf6 3. Nf3 Nc6 4. e4 Bb4 5. d3 d6 6. h3 0-0 7. a3 Bxc3+ 8. bxc3 Ne7 9. Be2 c6 10. 0-0 Ng6 11. Rb1 d5 12. cxd5 cxd5 13. Qc2 b6 14. Re1 Bb7 15. Bf1 Re8 16. a4 Rc8 17. a5 Qc7 18. axb6 axb6 19. Rb3 Qc6 20. Qb1 Nd7 21. Be3 Ba6 22. exd5 Qxd5 23. c4 Qc6 24. Bxb6 Nf4 25. Re3 Rb8 26. c5 Nxc5 27. Bxc5 Rxb3 28. Qxb3 Qxc5 29. d4 Qc6 30. Rc3 Qg6 31. Nxe5 Nxh3+ 32. Rxh3 1-0

[Event "Titled Tuesday intern op 16th June"]
[Site "Chess.com INT"]
[Date "2020.06.16"]
[Round "5"]
[White "Sorensen, Hampus"]
[Black "Salazar Olchowski, Gabriel Anton"]
[Result "1-0"]
[WhiteElo "2361"]
[BlackElo "2159"]
[PlyCount "117"]
[EventDate "2020.06.16"]
[EventType "swiss (blitz)"]
[EventRounds "10"]
[EventCountry "USA"]
[SourceTitle "EXT 2021"]
[Source "ChessBase"]
[SourceDate "2020.10.23"]
[SourceVersion "1"]
[SourceVersionDate "2020.10.23"]
[SourceQuality "1"]

1. d4 Nf6 2. c4 c5 3. d5 b5 4. Qc2 bxc4 5. e4 d6 6. Nf3 g6 7. h3 Bg7 8. Bxc4 0-0 9. 0-0 Nbd7 10. Nc3 Nb6 11. Be2 e6 12. dxe6 Bxe6 13. Rd1 d5 14. exd5 Nfxd5 15. Nxd5 Bxd5 16. Qxc5 Rc8 17. Qa3 Re8 18. Bb5 Re4 19. Bg5 Qf8 20. Rac1 Rxc1 21. Rxc1 Qxa3 22. bxa3 h6 23. Be3 Nc4 24. Bxa7 Nxa3 25. Bd3 Ra4 26. Bc5 Nc4 27. Bxc4 Bxc4 28. a3 Bd5 29. Rd1 Be6 30. Rd8+ Kh7 31. Nd4 Bf6 32. Nxe6 Bxd8 33. Nxd8 Kg7 34. Bb4 Kf6 35. Nc6 Ke6 36. Nd4+ Kd5 37. Nb3 Kc4 38. Nc5 Ra8 39. g4 h5 40. gxh5 gxh5 41. Kg2 Rg8+ 42. Kf3 Rg5 43. Ne4 Rf5+ 44. Kg3 Re5 45. Nd6+ Kd5 46. Nxf7 Re2 47. f3 Ke6 48. Nd6 Rc2 49. Ne4 Kf5 50. Kh4 Rc4 51. Kxh5 Rc8 52. Kh6 Rh8+ 53. Kg7 Rxh3 54. Nd2 Rg3+ 55. Kf7 Rg2 56. Ke7 Ke5 57. Kd7 Kd5 58. Kc7 Rg6 59. Kb7 1-0

[Event "Titled Tuesday intern op 16th June"]
[Site "Chess.com INT"]
[Date "2020.06.16"]
[Round "2"]
[White "Villalba, Marcelo"]
[Black "Salazar Olchowski, Gabriel Anton"]
[Result "1-0"]
[WhiteElo "2258"]
[BlackElo "2159"]
[PlyCount "153"]
[EventDate "2020.06.16"]
[EventType "swiss (blitz)"]
[EventRounds "10"]
[EventCountry "USA"]
[SourceTitle "EXT 2021"]
[Source "ChessBase"]
[SourceDate "2020.10.23"]
[SourceVersion "1"]
[SourceVersionDate "2020.10.23"]
[SourceQuality "1"]

1. e4 c5 2. Nf3 d6 3. d4 cxd4 4. Nxd4 Nf6 5. Nc3 e6 6. Be3 a6 7. Be2 Nbd7 8. 0-0 b5 9. a3 Bb7 10. f3 Rc8 11. Qe1 Be7 12. Rd1 0-0 13. Qg3 Qc7 14. Kh1 d5 15. Qxc7 Rxc7 16. exd5 Nxd5 17. Nxd5 Bxd5 18. c3 Ne5 19. Bf4 Bd6 20. Nf5 Bc4 21. Nxd6 Bxe2 22. Bxe5 Bxf1 23. Rxf1 Rd7 24. Ne4 f6 25. Bd4 e5 26. Bc5 Rfd8 27. h3 Kf7 28. Kh2 Ke6 29. Bb4 Rd1 30. Rf2 Kd5 31. Re2 Kc4 32. g4 Rc1 33. Kg3 Rdd1 34. Kh4 g6 35. Rf2 g5+ 36. Kh5 Rh1 37. Nxf6 Rxh3+ 38. Kxg5 Rd1 39. Kf5 Rd5 40. Ne4 Rh1 41. Nd6+ Kd3 42. Ke6 Ke3 43. Kxd5 Kxf2 44. Kxe5 Kxf3 45. g5 Rd1 46. Kf6 Re1 47. Kg7 Kg4 48. Kxh7 Kxg5 49. Kg7 Re6 50. Kf7 Re1 51. Nb7 Re2 52. Nc5 Rxb2 53. Nxa6 Kf5 54. Nc7 Ke5 55. Nxb5 Kd5 56. Nd4 Kc4 57. Ke6 Ra2 58. Kd6 Ra1 59. Nc6 Rd1+ 60. Kc7 Kb5 61. Na7+ Kc4 62. Nc6 Rh1 63. Ne5+ Kb5 64. Kd6 Rh6+ 65. Kd5 Rh5 66. c4+ Kb6 67. c5+ Kc7 68. c6 Rh1 69. Ba5+ Kc8 70. Nc4 Rd1+ 71. Kc5 Rc1 72. Kb5 Rb1+ 73. Bb4 Kc7 74. a4 Rh1 75. Bd6+ Kc8 76. Nb6+ Kd8 77. c7+ 1-0

[Event "Central America Carribean-ch U20"]
[Site "Couva"]
[Date "2019.12.15"]
[Round "5"]
[White "Salazar Olchowski, Gabriel Anton"]
[Black "Yearwood, Sean"]
[Result "1-0"]
[WhiteElo "2133"]
[BlackElo "1799"]
[PlyCount "73"]
[EventDate "2019.12.13"]
[EventType "swiss"]
[EventRounds "9"]
[EventCountry "TRI"]
[SourceTitle "CBM 193 Extra"]
[Source "ChessBase"]
[SourceDate "2020.01.31"]
[SourceVersion "1"]
[SourceVersionDate "2020.01.31"]
[SourceQuality "1"]

1. e4 d6 2. d4 Nf6 3. Nc3 g6 4. Be2 Bg7 5. f4 Nc6 6. Bf3 e5 7. Nge2 0-0 8. Be3 Ng4 9. Bg1 h5 10. d5 Ne7 11. h3 Nh6 12. fxe5 Bxe5 13. Qd2 Kg7 14. Be3 Rh8 15. 0-0-0 f6 16. Rdg1 Nf7 17. g4 h4 18. g5 f5 19. Nd4 Bxd4 20. Bxd4+ Ne5 21. Qf4 Kg8 22. Bxe5 dxe5 23. Qxe5 a6 24. Rd1 Qd6 25. Qf6 Bd7 26. e5 Qxf6 27. gxf6 Nc8 28. f7+ Kf8 29. e6 Bb5 30. a4 Bc4 31. b3 Bxb3 32. cxb3 Nd6 33. Rhg1 Rh6 34. Ne2 Ke7 35. Nf4 Kf6 36. Rd2 Rc8 37. Rdg2 1-0

[Event "Central America Carribean-ch U20"]
[Site "Couva"]
[Date "2019.12.14"]
[Round "3"]
[White "Salazar Olchowski, Gabriel Anton"]
[Black "Ramoutar, Alan Safar"]
[Result "1-0"]
[WhiteElo "2133"]
[BlackElo "2289"]
[PlyCount "69"]
[EventDate "2019.12.13"]
[EventType "swiss"]
[EventRounds "9"]
[EventCountry "TRI"]
[SourceTitle "CBM 193 Extra"]
[Source "ChessBase"]
[SourceDate "2020.01.31"]
[SourceVersion "1"]
[SourceVersionDate "2020.01.31"]
[SourceQuality "1"]

1. e4 c6 2. Nc3 d5 3. Nf3 Bg4 4. h3 Bxf3 5. gxf3 d4 6. Ne2 c5 7. d3 Nc6 8. Bg2 Nf6 9. 0-0 e6 10. f4 Be7 11. c4 Qc7 12. a3 0-0 13. e5 Nd7 14. Ng3 Rae8 15. Qg4 Kh8 16. Ne4 f5 17. exf6 Bxf6 18. Bd2 Bd8 19. Rae1 e5 20. f5 Nf6 21. Nxf6 Bxf6 22. b4 Be7 23. b5 Nd8 24. Re2 Bd6 25. Kh1 Nf7 26. Rg1 Nd8 27. Be4 Qd7 28. f3 Rf7 29. Reg2 Bf8 30. Qh5 Bd6 31. Rg4 Be7 32. f6 gxf6 33. Bxh7 Qxg4 34. Rxg4 Rxh7 35. Qxe8+ 1-0